[Event "Moscow op-A 17th"]
[Site "Moscow"]
[Date "2021.02.27"]
[Round "8"]
[White "Agkatsev, Felix A"]
[Black "Maslovskiy, Vladimir1"]
[Result "1/2-1/2"]
[WhiteElo "1338"]
[BlackElo "1959"]
[PlyCount "79"]
[EventDate "2021.02.20"]
[EventType "swiss"]
[EventRounds "9"]
[EventCountry "RUS"]
[SourceTitle "EXT 2022"]
[Source "ChessBase"]
[SourceDate "2021.10.06"]
[SourceVersion "1"]
[SourceVersionDate "2021.10.06"]
[SourceQuality "1"]

1. d4 d5 2. Nf3 Nf6 3. e3 e6 4. Bd3 Be7 5. b3 0-0 6. Bb2 Nbd7 7. Nbd2 c5 8. 0-0 b6 9. Ne5 Bb7 10. f4 Ne4 11. Nxe4 dxe4 12. Bb5 Nxe5 13. dxe5 a6 14. Be2 Qd5 15. Qe1 Rad8 16. Rd1 Qc6 17. c4 Rxd1 18. Qxd1 Rd8 19. Qc2 h6 20. Rd1 Qc7 21. Rxd8+ Qxd8 22. Qd1 Qxd1+ 23. Bxd1 Kf8 24. Kf2 Bh4+ 25. g3 Be7 26. Ke1 Ke8 27. Kd2 Kd7 28. Be2 Bc6 29. a4 a5 30. Bc3 Bb7 31. Bb2 Bc6 32. Bc3 Bb7 33. Bb2 Bc6 34. Bc3 Bb7 35. Bb2 Bc6 36. Bc3 Bb7 37. Bb2 Ba8 38. Ba1 Bc6 39. Bc3 Bb7 40. Ba1 1/2-1/2